Statystyki dla Qbik- Najpopularniejsze utwory

Kliknij tutaj aby rozwiązać quiz!

Ogólne statystyki

  • Ten quiz został rozwiązany 57 razy
  • Średni wynik to 6 z 10

Statystyki odpowiedzi

Wyświetlenia:Nazwa utworu:% Poprawnych
53 061 4184 Pory Roku
96%
7 040 705Alkobus
79%
18 890 619Lambo
75%
15 594 931Hajs
67%
18 814 171Mam wyjebane
60%
8 527 525Alkolove
42%
17 444 421Despacipo
38%
9 335 276Ziomki
38%
11 195 099M jak Melanż
33%
6 825 934Królowa Nocy
23%

Rozkład punktacji

Percentyl według liczby udzielonych odpowiedzi

Procent ludzi z każdym wynikiem

Twoja historia wyników

Nie rozwiązałeś tego quizu